000 01027nam a2200301 i 4500
003 EG-GICUC
005 20260121101353.0
008 251127s1923 fr ||||fr|||| 00| 0|fre d
040 _aEG-GiCUC
_beng
_cEG-GiCUC
_dEG-GiCUC
_eRda
041 _aeng
082 0 4 _221
_a341.22
_bE K . N
092 0 4 _221
099 _aLaw1 11 341.22 E K . N 1923
100 1 _aEkdahl, Curt
_eAuteur
245 1 3 _aLa Neutralite perpétuelle avant le pacte de la Societe des Nations /
_cCurt Ekdahl.
264 1 _aParis :
_bA. pedone,Editeur,
_c1923.
300 _a187 page ;
_c 24 cm.
336 _2rda contenu
_a texte
337 _2rda medias
_aOrdinateur
338 _2 transporteur rda
_a Ressource en ligne
504 _aComprend des références bibliographiques. Comprend une bibliographie.
546 _aTexte en français
650 1 _aSociété des Nations
_xSociété des Nations
_2qrmak
651 1 _2qrmak
856 4 0 _uhttps://fll.law.cu.edu.eg/fulltext/bks/B11-05973.pdf
905 _a75
_eYara
942 _2ddc
_n0
_cBK
_e21
999 _c46554
_d46554